Teoría de la materia / (Record no. 50444)

MARC details
000 -LEADER
campo de control de longitud fija 00435nam a2200145 i 4500
001 - NÚMERO DE CONTROL
campo de control 50444
003 - IDENTIFICADOR DE NÚMERO DE CONTROL
campo de control ES-MaACL
007 - CAMPO FIJO DE DESCRIPCIÓN FÍSICA--INFORMACIÓN GENERAL
campo de control de longitud fija t|
008 - DATOS DE LONGITUD FIJA--INFORMACIÓN GENERAL
campo de control de longitud fija 030804s1982 sp ||||1| spa d
100 1# - ENTRADA PRINCIPAL--NOMBRE DE PERSONA
Nombre de persona Cuadrado Alvárez, Rafael.
9 (RLIN) 41890
245 10 - MENCIÓN DEL TÍTULO
Título Teoría de la materia /
Mención de responsabilidad, etc. Rafael Cuadrado Alvarez.
260 ## - PUBLICACIÓN, DISTRIBUCIÓN, ETC.
Lugar de publicación, distribución, etc. Madrid :
Nombre del editor, distribuidor, etc. [s.n.,
Fecha de publicación, distribución, etc. 1982] (
Fabricante Heliotipia Artística Española)
300 ## - DESCRIPCIÓN FÍSICA
Extensión 400 p. ;
Dimensiones 24 cm.
852 ## - LOCALIZACIÓN
Ubicación ES-MaACL
Número de control de estantería L-5125
Sublocalización o colección R.105748
Holdings
Estatus retirado Estado de pérdida Estado de daño No para préstamo Biblioteca de origen Biblioteca actual Ubicación en estantería Fecha de adquisición Fuente de adquisición Total de préstamos Signatura topográfica completa Código de barras Visto por última vez Precio de reemplazo Tipo de ítem Koha
        Biblioteca del Ateneo de Madrid Biblioteca del Ateneo de Madrid Depósito 2 17/01/2008     L-5125 1053061 23/02/2023 23/02/2023 Libro impreso